THE INDIAN SOY COOK BOOK (Record no. 232405)

MARC details
000 -LEADER
fixed length control field 00331pam a2200145 a 4500
020 ## - INTERNATIONAL STANDARD BOOK NUMBER
Terms of availability
041 ## - LANGUAGE CODE
Language code of original
100 ## - MAIN ENTRY--PERSONAL NAME
Personal name KAVITHA REDDY
Relator term Author
245 ## - TITLE STATEMENT
Title THE INDIAN SOY COOK BOOK
Statement of responsibility, etc. KAVITHA REDDY
Medium Textual Documents
260 ## - PUBLICATION, DISTRIBUTION, ETC.
Name of publisher, distributor, etc. Rupa & Co
300 ## - PHYSICAL DESCRIPTION
Extent 106
653 ## - INDEX TERM--UNCONTROLLED
Uncontrolled term food Producation
700 ## - ADDED ENTRY--PERSONAL NAME
Relator term Co-Author
930 ## - EQUIVALENCE OR CROSS-REFERENCE-UNIFORM TITLE HEADING [LOCAL, CANADA]
Uniform title 5008
Holdings
Withdrawn status Lost status Source of classification or shelving scheme Damaged status Not for loan Home library Current library Date acquired Source of acquisition Cost, normal purchase price Total Checkouts Full call number Barcode Date last seen Copy number Price effective from Koha item type
    Dewey Decimal Classification     Institute of Hotel Management & Catering Technology, Pune Institute of Hotel Management & Catering Technology, Pune 17/02/2005 Classic Pune 295.00   HMP-D-1209 07/03/2023 1 07/03/2023 Book